Who's that princess - Statistics

General Stats
  • This quiz has been taken 26 times
  • The average score is 9 of 14
Answer Stats
Hint Answer % Correct
B Belle
100%
C Cinderlla
100%
P Pocohontas
95%
T Tiana
95%
J Jasmine
90%
S Snow white
90%
R Rapunzel
70%
R Raya
50%
A Anna
40%
A Ariel
40%
M Merida
40%
M Moana
35%
M Mulan
35%
A Aurora
15%
No matching quizzes found
Score Distribution
Percent of People with Each Score
Percentile by Number Answered
Your Score History
You have not taken this quiz